Socialist-Style Coats of Arms - Statistics

General Stats
  • This quiz has been taken 10 times
  • The average score is 16 of 20
Answer Stats
Picture Answer % Correct
Belarus
100%
China
100%
Laos
100%
Madagascar
100%
Mozambique
100%
North Korea
100%
Tajikistan
100%
Uzbekistan
100%
Vietnam
100%
Nepal
86%
Turkmenistan
86%
Kazakhstan
71%
Kyrgyzstan
71%
Cuba
57%
Guinea-Bissau
57%
Timor-Leste
57%
Angola
43%
Djibouti
43%
North Macedonia
43%
Transnistria
43%
No matching quizzes found
Score Distribution
Percent of People with Each Score
Percentile by Number Answered
Your Score History
You have not taken this quiz